[Event "DVM U16 2019"]
[Site "Magedburg"]
[Date "2019.12.27"]
[Round "2"]
[White "Pivtorak, Illia"]
[Black "Kotyk, Michael"]
[Result "0-1"]
[WhiteElo "1491"]
[BlackElo "2103"]
[Annotator "NA"]
[PlyCount "80"]
[EventDate "2019.12.27"]
[EventType "team-tourn"]
[EventRounds "7"]
[EventCountry "GER"]
[SourceTitle "playchess.com"]
[Source "ChessBase"]
[SourceQuality "1"]
[WhiteTeam "SK König Plauen"]
[BlackTeam "Hamburger SK"]
[TimeControl "40/5400+30:1800+30"]

1. d4 {[%emt 0:00:00]} f5 {[%emt 0:00:00]} 2. Bf4 {[%emt 0:01:12]} Nf6 {[%emt 0:00:00]} 3. e3 {[%emt 0:00:33]} d6 {[%emt 0:00:30]} 4. Nf3 {[%emt 0:00:19]} e6 {[%emt 0:00:06]} 5. c3 {[%emt 0:01:00]} Be7 {[%emt 0:00:13]} 6. Nbd2 {[%emt 0:13:37]} O-O {[%emt 0:00:26]} 7. Bc4 {[%emt 0:01:03]} d5 {[%emt 0:01:55]} 8. Bd3 {[%emt 0:00:54]} Nc6 {[%emt 0:10:33]} 9. h3 {[%emt 0:03:07]} Bd7 {[%emt 0:02:57]} 10. g4 {[%emt 0:10:32]} Ne4 {[%emt 0:01:10]} 11. Qc2 {[%emt 0:03:53]} Be8 {[%emt 0:03:43]} 12. h4 {[%emt 0:08:21]} fxg4 {[%emt 0:05:40]} 13. Ng5 {[%emt 0:08:53]} Nxg5 {[%emt 0:01:10]} 14. hxg5 {[%emt 0:06:05]} g6 {[%emt 0:00:18]} 15. Qd1 {[%emt 0:12:12]} Bxg5 {[%emt 0:03:33]} 16. Qxg4 {[%emt 0:00:24]} Bxf4 {[%emt 0:00:33]} 17. Qxe6+ {[%emt 0:00:44]} Rf7 {[%emt 0:05:24]} 18. O-O-O {[%emt 0:13:00]} Qd7 {[%emt 0:09:43]} 19. Qxd7 {[%emt 0:01:29]} Bxd7 {[%emt 0:01:41]} 20. exf4 {[%emt 0:00:39]} Rxf4 {[%emt 0:00:07]} 21. Rdf1 {[%emt 0:01:09]} Kg7 {[%emt 0:01:52]} 22. Nb3 {[%emt 0:03:49]} b6 {[%emt 0:00:55]} 23. Kd2 {[%emt 0:02:20]} Raf8 {[%emt 0:00:32]} 24. Rh2 {[%emt 0:01:37]} h5 {[%emt 0:00:39]} 25. Nc1 {[%emt 0:00:38]} Rf3 {[%emt 0:04:13]} 26. Bb5 {[%emt 0:01:31]} Nb8 {[%emt 0:02:58]} 27. Be2 {[%emt 0:01:01]} Rh3 {[%emt 0:00:25]} 28. Rg2 {[%emt 0:00:57]} Rh4 {[%emt 0:01:45]} 29. Nd3 {[%emt 0:02:03]} Bh3 {[%emt 0:03:49]} 30. Rh2 {[%emt 0:01:14]} Bxf1 {[%emt 0:00:02]} 31. Rxh4 {[%emt 0:00:10]} Bxe2 {[%emt 0:00:11]} 32. Kxe2 {[%emt 0:00:13]} Nd7 {[%emt 0:00:12]} 33. Nf4 {[%emt 0:01:15]} Re8+ {[%emt 0:00:09]} 34. Kd2 {[%emt 0:00:29]} Nf6 {[%emt 0:01:28]} 35. f3 {[%emt 0:00:33]} g5 {[%emt 0:01:24]} 36. Nxh5+ {[%emt 0:00:31]} Kg6 {[%emt 0:00:06]} 37. Nxf6 {[%emt 0:00:30]} gxh4 {[%emt 0:00:01]} 38. Nxd5 {[%emt 0:00:29]} Kf5 {[%emt 0:00:28]} 39. Ne3+ {[%emt 0:00:25]} Kf4 {[%emt 0:00:07]} 40. Nd5+ {[%emt 0:00:38]} Kxf3 {[%emt 0:00:25] normal} 0-1

[Event "DVM U16 2019"]
[Site "Magedburg"]
[Date "2019.12.27"]
[Round "2"]
[White "Elstner, Florian"]
[Black "Goltser, Ilja"]
[Result "1/2-1/2"]
[WhiteElo "1487"]
[BlackElo "1703"]
[Annotator "NA"]
[PlyCount "48"]
[EventDate "2019.12.27"]
[EventType "team-tourn"]
[EventRounds "7"]
[EventCountry "GER"]
[SourceTitle "playchess.com"]
[Source "ChessBase"]
[SourceQuality "1"]
[WhiteTeam "SK König Plauen"]
[BlackTeam "Hamburger SK"]
[WhiteTeamCountry "GER"]
[BlackTeamCountry "UKR"]
[TimeControl "40/5400+30:1800+30"]

1. d4 {[%emt 0:00:00]} e6 {[%emt 0:00:35]} 2. c4 {[%emt 0:00:25]} Nf6 {[%emt 0:01:29]} 3. Nc3 {[%emt 0:00:11]} d5 {[%emt 0:01:52]} 4. Bg5 {[%emt 0:01:56]} Be7 {[%emt 0:01:21]} 5. e3 {[%emt 0:00:23]} c6 {[%emt 0:03:48]} 6. cxd5 {[%emt 0:00:49]} exd5 {[%emt 0:01:19]} 7. Bd3 {[%emt 0:00:30]} Nbd7 {[%emt 0:03:47]} 8. Nge2 {[%emt 0:00:21]} O-O {[%emt 0:02:57]} 9. Qc2 {[%emt 0:00:59]} Re8 {[%emt 0:05:07]} 10. O-O-O {[%emt 0:03:35]} a5 {[%emt 0:11:08]} 11. f3 {[%emt 0:01:58]} h6 {[%emt 0:07:36]} 12. Bf4 {[%emt 0:02:27]} Nf8 {[%emt 0:12:03]} 13. g4 {[%emt 0:03:49]} N6h7 {[%emt 0:05:39]} 14. Bg3 {[%emt 0:10:16]} Bh4 {[%emt 0:06:05]} 15. Qd2 {[%emt 0:07:12]} Qe7 {[%emt 0:04:30]} 16. Bxh4 {[%emt 0:03:29]} Qxh4 {[%emt 0:00:13]} 17. Ng3 {[%emt 0:03:33]} g6 {[%emt 0:06:22]} 18. Rde1 {[%emt 0:20:53]} Ne6 {[%emt 0:03:46]} 19. Bc2 {[%emt 0:12:35]} Rd8 {[%emt 0:02:58]} 20. Nce2 {[%emt 0:03:34]} Nc7 {[%emt 0:03:10]} 21. Nf4 {[%emt 0:02:53]} Ne6 {[%emt 0:03:44]} 22. Ng2 {[%emt 0:05:55]} Qe7 {[%emt 0:00:07]} 23. h4 {[%emt 0:00:49]} Qb4 {[%emt 0:04:49]} 24. Qd1 {[%emt 0:03:23]} a4 {[%emt 0:01:19] normal} 1/2-1/2

[Event "DVM U16 2019"]
[Site "Magedburg"]
[Date "2019.12.27"]
[Round "2"]
[White "Peschel, Julia"]
[Black "Schaefer, Konstantin"]
[Result "0-1"]
[WhiteElo "1384"]
[BlackElo "1766"]
[Annotator "NA"]
[PlyCount "84"]
[EventDate "2019.12.27"]
[EventType "team-tourn"]
[EventRounds "7"]
[EventCountry "GER"]
[SourceTitle "playchess.com"]
[Source "ChessBase"]
[SourceQuality "1"]
[WhiteTeam "Biebertaler SF"]
[BlackTeam "SG Leipzig"]
[WhiteTeamCountry "GER"]
[BlackTeamCountry "GER"]
[TimeControl "40/5400+30:1800+30"]

1. e4 {[%emt 0:00:00]} c5 {[%emt 0:00:00]} 2. c3 {[%emt 0:00:00]} g6 {[%emt 0:01:20]} 3. Nf3 {[%emt 0:02:01]} Bg7 {[%emt 0:03:50]} 4. Bc4 {[%emt 0:15:12]} e6 {[%emt 0:04:20]} 5. d4 {[%emt 0:00:38]} cxd4 {[%emt 0:00:14]} 6. cxd4 {[%emt 0:05:11]} d5 {[%emt 0:01:04]} 7. exd5 {[%emt 0:00:19]} exd5 {[%emt 0:01:44]} 8. Bb3 {[%emt 0:00:51]} Ne7 {[%emt 0:00:40]} 9. O-O {[%emt 0:00:11]} O-O {[%emt 0:04:55]} 10. Nc3 {[%emt 0:07:00]} Nbc6 {[%emt 0:03:24]} 11. h3 {[%emt 0:04:26]} Be6 {[%emt 0:14:18]} 12. Bg5 {[%emt 0:08:46]} Re8 {[%emt 0:03:09]} 13. Re1 {[%emt 0:14:27]} h6 {[%emt 0:05:57]} 14. Bf4 {[%emt 0:01:41]} a6 {[%emt 0:01:47]} 15. Qd2 {[%emt 0:01:24]} Nf5 {[%emt 0:03:17]} 16. Bxd5 {[%emt 0:19:00]} g5 {[%emt 0:04:00]} 17. Bxc6 {[%emt 0:00:21]} bxc6 {[%emt 0:01:40]} 18. Be5 {[%emt 0:00:36]} Bxe5 {[%emt 0:01:34]} 19. dxe5 {[%emt 0:03:35]} Qb6 {[%emt 0:03:49]} 20. Ne4 {[%emt 0:03:38]} Red8 {[%emt 0:00:55]} 21. Qc2 {[%emt 0:03:27]} Ne7 {[%emt 0:03:21]} 22. Nf6+ {[%emt 0:00:23]} Kf8 {[%emt 0:03:56]} 23. Qh7 {[%emt 0:02:21]} Nf5 {[%emt 0:00:56]} 24. g4 {[%emt 0:01:31]} Nd4 {[%emt 0:03:12]} 25. Qh8+ {[%emt 0:00:15]} Ke7 {[%emt 0:04:57]} 26. Ng8+ {[%emt 0:00:57]} Rxg8 {[%emt 0:00:07]} 27. Qf6+ {[%emt 0:00:05]} Ke8 {[%emt 0:00:44]} 28. Nxd4 {[%emt 0:00:16]} Qxd4 {[%emt 0:07:13]} 29. Rad1 {[%emt 0:00:40]} Qf4 {[%emt 0:00:52]} 30. Qxh6 {[%emt 0:03:57]} Ke7 {[%emt 0:03:11]} 31. Rc1 {[%emt 0:00:52]} Rh8 {[%emt 0:00:16]} 32. Qg7 {[%emt 0:00:35]} Rxh3 {[%emt 0:00:40]} 33. Qf6+ {[%emt 0:00:03]} Qxf6 {[%emt 0:00:06]} 34. exf6+ {[%emt 0:00:03]} Kxf6 {[%emt 0:00:13]} 35. Rxc6 {[%emt 0:01:08]} Rah8 {[%emt 0:04:30]} 36. Kf1 {[%emt 0:00:20]} Rh1+ {[%emt 0:00:08]} 37. Ke2 {[%emt 0:00:04]} Rxe1+ {[%emt 0:00:04]} 38. Kxe1 {[%emt 0:00:13]} Rh1+ {[%emt 0:01:37]} 39. Kd2 {[%emt 0:00:57]} Rf1 {[%emt 0:00:55]} 40. Ke2 {[%emt 0:00:09]} Rb1 {[%emt 0:02:58]} 41. Rb6 {[%emt 0:30:17]} Ke7 {[%emt 0:31:54]} 42. Rxa6 {[%emt 0:00:07]} Bc4+ {[%emt 0:00:47] normal} 0-1

[Event "DVM U16 2019"]
[Site "Magedburg"]
[Date "2019.12.28"]
[Round "3"]
[White "Bethke, Richard"]
[Black "Köllner, Ruben Gideon"]
[Result "0-1"]
[WhiteElo "2332"]
[BlackElo "2330"]
[Annotator "TA"]
[PlyCount "81"]
[EventDate "2019.12.27"]
[EventType "team-tourn"]
[EventRounds "7"]
[EventCountry "GER"]
[SourceTitle "playchess.com"]
[Source "ChessBase"]
[SourceQuality "1"]
[WhiteTeam "SF Neuberg"]
[BlackTeam "SG Bochum"]
[WhiteTeamCountry "GER"]

{[%evp 17,81,47,43,39,45,47,50,45,62,15,26,31,61,37,33,43,41,38,34,6,6,-45,-45,-66,-48,-118,-134,-118,-77,-79,-61,-194,-189,-467,-474,-545,-539,-530,-528,-459,-265,-289,-289,-264,-238,-577,-525,-573,-578,-553,-560,-558,-520,-445,-521,-474,-412,-415,-378,-643,-633,-846,-825,-702,-190,-190]} 1. e4 d6 2. d4 Nf6 3. Nc3 e5 4. Nf3 Nbd7 5. Bc4 Be7 6. a4 c6 7. O-O O-O 8. Re1 b6 9. Ba2 a6 10. Bg5 {C41: Philidor Defence} (10. Be3 Ng4 11. Bd2 Ngf6 12. dxe5 dxe5 13. Nh4 Bb4 14. Qf3 Nc5 15. Bg5 Ne6 16. Bxe6 fxe6 17. Qg3 Qc7 {1-0 (37) Shirov,A (2712)-Laznicka,V (2676) Poikovsky 2015}) 10... h6 11. Bh4 Nh5 12. Bxe7 {White is slightly better.} Qxe7 13. b4 Nf4 14. b5 {[#]} Bb7 $146 ({Predecessor:} 14... cxb5 15. axb5 a5 16. Nd5 Nxd5 17. Bxd5 Ra7 {1-0 (43) Geist,H (2505)-Toscano,G (2525) ICCF corr 1997}) 15. bxc6 Bxc6 16. g3 Nh3+ 17. Kg2 Ng5 18. Nh4 Nf6 $1 {[%cal Rf6e4]} 19. d5 (19. Nf5 $11 Qd7 20. d5 Bxa4 21. f3) 19... Bd7 $15 20. Qd3 Bc8 21. Nf3 (21. f3 $15) 21... Bh3+ $17 22. Kg1 Nd7 23. Nxg5 hxg5 24. f4 {[#]} (24. Bc4 $15) 24... f5 $1 $19 ({Much less strong is} 24... gxf4 25. gxf4 Bg4 26. f5 $17) 25. Qe3 $2 (25. fxg5 Qxg5 26. exf5) 25... gxf4 {[%mdl 64] Overworked Piece} 26. gxf4 Qh4 27. Qg3 Qh6 28. Qg5 exf4 (28... Qh7 $142 {aiming for ...fxe4.} 29. Re3 fxe4) 29. Qxh6 gxh6 30. exf5 Ne5 {[#] ...Rac8 is the strong threat.} ({Don't take} 30... Bxf5 31. Ne4 $19) 31. Kh1 $2 (31. Ne4 {is a better chance.}) 31... Rac8 32. Ne4 Rxc2 33. Rg1+ Kh8 34. Bb1 Rb2 {( -> ...Nf3!)} 35. Ra2 Rxa2 36. Bxa2 Bg4 {And now ...Bf3+ would win.} 37. Nd2 Bxf5 38. Rc1 $2 (38. Bb1) 38... f3 39. Bb1 Bh3 40. Be4 Bg2+ $2 (40... Rg8 41. Rc7 Rg5 42. Bxf3 Nxf3 {[%mdl 64] Discovered Attack} 43. Nxf3 Bg2+ {[%mdl 64] Double Attack} 44. Kg1 Bxf3+ {[%mdl 64] Discovered Attack} 45. Kf2 Bxd5) 41. Kg1 {Accuracy: White = 31%, Black = 52%.} 0-1

[Event "DVM U16 2019"]
[Site "Magedburg"]
[Date "2019.12.28"]
[Round "3"]
[White "Post, Hugo"]
[Black "Woelk, Tom-Frederic"]
[Result "1-0"]
[WhiteElo "2181"]
[BlackElo "2245"]
[Annotator "RC"]
[PlyCount "51"]
[EventDate "2019.12.27"]
[EventType "team-tourn"]
[EventRounds "7"]
[EventCountry "GER"]
[SourceTitle "playchess.com"]
[Source "ChessBase"]
[SourceQuality "1"]
[WhiteTeam "Reideburger SV 90 Halle"]
[BlackTeam "Hamburger SK"]
[WhiteTeamCountry "GER"]
[BlackTeamCountry "GER"]
[TimeControl "40/5400+30:1800+30"]

1. e4 {[%emt 0:00:00]} e5 {[%emt 0:00:00]} 2. Nf3 {[%emt 0:00:00]} Nc6 {[%emt 0:00:00]} 3. Bb5 {[%emt 0:00:07]} g6 {[%emt 0:00:00]} 4. c3 {[%emt 0:02:25]} a6 {[%emt 0:00:00]} 5. Ba4 {[%emt 0:00:11]} Bg7 {[%emt 0:00:00]} 6. d4 {[%emt 0:00:22]} exd4 {[%emt 0:00:00]} 7. cxd4 {[%emt 0:00:06]} b5 {[%emt 0:00:04]} 8. Bb3 {[%emt 0:00:14]} Nge7 {[%emt 0:00:34]} 9. d5 {[%emt 0:00:22]} Na5 {[%emt 0:00:03]} 10. Bd2 {[%emt 0:00:18]} Nxb3 {[%emt 0:03:05]} 11. Qxb3 {[%emt 0:00:13]} c5 {[%emt 0:01:46]} 12. dxc6 {[%emt 0:01:16]} dxc6 {[%emt 0:01:02]} 13. O-O {[%emt 0:05:11]} c5 {[%emt 0:09:50]} 14. Bc3 {[%emt 0:04:57]} c4 {[%emt 0:01:06]} 15. Qc2 {[%emt 0:02:58]} O-O {[%emt 0:01:06]} 16. Rd1 {[%emt 0:05:09]} Qb6 {[%emt 0:06:33]} 17. Bxg7 {[%emt 0:08:13]} Kxg7 {[%emt 0:02:20]} 18. Nc3 {[%emt 0:00:14]} Bg4 {[%emt 0:08:43]} 19. Nd5 {[%emt 0:15:59]} Nxd5 {[%emt 0:01:05]} 20. Rxd5 {[%emt 0:00:31]} Bxf3 {[%emt 0:08:56]} 21. Qc3+ {[%emt 0:05:57]} Qf6 {[%emt 0:00:40]} 22. e5 {[%emt 0:08:42]} Qf5 {[%emt 0:00:38]} 23. gxf3 {[%emt 0:01:15] normal} Rad8 {[%emt 0:03:58] normal} 24. e6+ {[%emt 0:02:21] normal} Qf6 {[%emt 0:04:27] normal} 25. e7 {[%emt 0:00:14] normal} Qxc3 {[%emt 0:04:19]} 26. exf8=Q+ {[%emt 0:00:09] normal} 1-0

[Event "DVM U16 2019"]
[Site "Magedburg"]
[Date "2019.12.28"]
[Round "3"]
[White "Huber, Benedikt"]
[Black "Krastev, Alexander"]
[Result "0-1"]
[WhiteElo "2133"]
[BlackElo "2323"]
[Annotator "NA"]
[PlyCount "86"]
[EventDate "2019.12.27"]
[EventType "team-tourn"]
[EventRounds "7"]
[EventCountry "GER"]
[SourceTitle "playchess.com"]
[Source "ChessBase"]
[SourceQuality "1"]
[WhiteTeam "SK München Südost"]
[BlackTeam "Biebertaler SF"]
[WhiteTeamCountry "GER"]
[BlackTeamCountry "GER"]
[TimeControl "40/5400+30:1800+30"]

{[%evp 29,81,59,64,59,59,61,32767,35,32767,32767,32767,32767,58,52,32767,32767,32767,32767,32767,32767,34,10,50,45,55,42,58,40,60,41,47,47,65,24,32767,28,32767,24,37,35,32767,39,43,0,21,24,22,22,37,0,36,0,23,0]} 1. d4 {[%emt 0:00:00]} Nf6 {[%emt 0:00:00]} 2. c4 {[%emt 0:00:00]} c5 {[%emt 0:00:00]} 3. d5 {[%emt 0:00:02]} g6 {[%emt 0:00:00]} 4. Nc3 {[%emt 0:00:15]} Bg7 {[%emt 0:00:00]} 5. e4 {[%emt 0:00:14]} O-O {[%emt 0:00:00]} 6. Nf3 {[%emt 0:00:15]} d6 {[%emt 0:00:00]} 7. Bd3 {[%emt 0:00:25]} e6 {[%emt 0:01:27]} 8. h3 {[%emt 0:00:12]} exd5 {[%emt 0:00:05]} 9. exd5 {[%emt 0:00:05]} Re8+ {[%emt 0:00:02]} 10. Be3 {[%emt 0:00:15]} Nbd7 {[%emt 0:00:09]} 11. O-O {[%emt 0:00:27]} a6 {[%emt 0:00:02] E90: King's Indian: Classical: Early deviations and 6 h3} 12. a4 {[%emt 0:01:39]} Rxe3 {[%emt 0:00:27]} (12... Nh5 13. Bg5 f6 14. Bh4 Bh6 15. Re1 Rxe1+ 16. Qxe1 Qf8 17. a5 Rb8 18. Ne4 Bf4 19. g4 g5 20. Bg3 Nxg3 21. fxg3 {1-0 (44) Kuzubov,Y (2644)-Ivanisevic,I (2616) Germany 2019}) 13. fxe3 {[%emt 0:00:07]} Qe7 {[%emt 0:00:02]} 14. Qd2 {[%emt 0:01:18]} Nh5 {[%emt 0:01:12] unterminated} 15. Qf2 {[%emt 0:06:14] unterminated} Ne5 {[%emt 0:01:35] unterminated} 16. Be2 {[%emt 0:03:18] unterminated} Nxf3+ {[%emt 0:02:40]} 17. Bxf3 {[%emt 0:00:56]} Nf6 {[%emt 0:00:04] unterminated} 18. Rae1 $146 {[%emt 0:14:33] unterminated} ({Predecessor:} 18. Qh4) 18... Nd7 {[%emt 0:06:35]} 19. Be2 {[%emt 0:00:23] unterminated} h5 {[%emt 0:02:45] unterminated} 20. Nb1 {[%emt 0:24:31] unterminated} h4 {[%emt 0:11:45] unterminated} (20... Bf6 $11) 21. Nd2 {[%emt 0:00:42] unterminated} Bxb2 {[%emt 0:08:29]} 22. Nf3 {[%emt 0:00:19] unterminated} Bf6 {[%emt 0:01:23] unterminated} 23. Bd3 {[%emt 0:02:23] unterminated} b6 {[%emt 0:19:34] unterminated} 24. Qc2 {[%emt 0:02:41] unterminated} Kg7 {[%emt 0:03:39] unterminated} 25. Kh1 {[%emt 0:01:45] unterminated} Bb7 {[%emt 0:03:01] unterminated} 26. Qb3 {[%emt 0:02:56] unterminated} a5 {[%emt 0:03:04] unterminated} 27. Re2 {[%emt 0:02:02]} Re8 {[%emt 0:00:58] unterminated} 28. Qb5 {[%emt 0:06:55]} Qd8 {[%emt 0:00:26] unterminated} 29. Qb1 {[%emt 0:01:58] unterminated} Ba6 {[%emt 0:01:12] unterminated} 30. Qc2 {[%emt 0:01:58] unterminated} Re7 {[%emt 0:02:11] unterminated} 31. Qb3 {[%emt 0:06:31] unterminated} Qe8 {[%emt 0:01:45] unterminated} 32. Bc2 {[%emt 0:01:28] unterminated} Qh8 {[%emt 0:05:55] unterminated} 33. Ref2 {[%emt 0:03:36] unterminated} Qe8 {[%emt 0:06:36] unterminated} 34. Re1 {[%emt 0:01:56] unterminated} Kg8 {[%emt 0:06:51] unterminated} 35. Rff1 {[%emt 0:04:15] unterminated} Qf8 {[%emt 0:07:41] unterminated} 36. Rf2 {[%emt 0:00:56]} Qh6 {[%emt 0:01:10] unterminated} 37. Bb1 {[%emt 0:03:47] unterminated} Bg7 {[%emt 0:02:26] unterminated} 38. Rfe2 {[%emt 0:02:14] unterminated} Re8 {[%emt 0:00:51]} 39. Bc2 {[%emt 0:00:48] unterminated} Re7 {[%emt 0:01:57] unterminated} 40. Bb1 {[%emt 0:00:27] unterminated} Re8 {[%emt 0:00:10] unterminated} 41. Bc2 $11 {[%emt 0:08:21]} Rb8 {[%emt 0:02:47]} 42. Rf2 {[%emt 0:01:06]} Nf6 {[%emt 0:04:05]} 43. Kg1 {[%emt 0:01:42]} Rb7 {[%emt 0:08:47] normal} 0-1

[Event "DVM U16 2019"]
[Site "Magedburg"]
[Date "2019.12.28"]
[Round "3"]
[White "Kotyk, Michael"]
[Black "Dietz, Florian"]
[Result "0-1"]
[WhiteElo "2103"]
[BlackElo "2116"]
[Annotator "RC"]
[PlyCount "62"]
[EventDate "2019.12.27"]
[EventType "team-tourn"]
[EventRounds "7"]
[EventCountry "GER"]
[SourceTitle "playchess.com"]
[Source "ChessBase"]
[SourceQuality "1"]
[WhiteTeam "Hamburger SK"]
[BlackTeam "Reideburger SV 90 Halle"]
[WhiteTeamCountry "GER"]
[BlackTeamCountry "GER"]
[TimeControl "40/5400+30:1800+30"]

1. Nf3 {[%emt 0:00:00]} Nf6 {[%emt 0:00:00]} 2. b3 {[%emt 0:00:00]} g6 {[%emt 0:00:13]} 3. Bb2 {[%emt 0:00:06]} Bg7 {[%emt 0:00:06]} 4. g3 {[%emt 0:01:13]} O-O {[%emt 0:01:36]} 5. c4 {[%emt 0:00:07]} d6 {[%emt 0:00:13]} 6. d4 {[%emt 0:00:06]} Nc6 {[%emt 0:00:45]} 7. Bg2 {[%emt 0:05:34]} a6 {[%emt 0:02:00]} 8. O-O {[%emt 0:03:28]} Rb8 {[%emt 0:02:17]} 9. Ne1 {[%emt 0:05:21]} Bd7 {[%emt 0:05:02]} 10. Nd3 {[%emt 0:00:07]} Qc8 {[%emt 0:05:45]} 11. e4 {[%emt 0:06:05]} Bh3 {[%emt 0:15:23]} 12. d5 {[%emt 0:10:14]} Bxg2 {[%emt 0:05:37]} 13. Kxg2 {[%emt 0:00:06]} Nd8 {[%emt 0:07:44]} 14. Nd2 {[%emt 0:00:10]} e5 {[%emt 0:09:03]} 15. f3 {[%emt 0:07:55]} b6 {[%emt 0:11:34]} 16. Rc1 {[%emt 0:02:01]} a5 {[%emt 0:01:08]} 17. a3 {[%emt 0:00:05]} Nb7 {[%emt 0:02:49]} 18. b4 {[%emt 0:00:18]} Nd7 {[%emt 0:04:58]} 19. Qe2 {[%emt 0:14:25]} Qe8 {[%emt 0:03:33]} 20. Nb3 {[%emt 0:04:11]} axb4 {[%emt 0:03:57]} 21. axb4 {[%emt 0:00:22]} f5 {[%emt 0:02:22]} 22. c5 {[%emt 0:04:53]} bxc5 {[%emt 0:00:43]} 23. bxc5 {[%emt 0:00:01]} fxe4 {[%emt 0:03:31]} 24. fxe4 {[%emt 0:00:46]} Rxf1 {[%emt 0:00:21]} 25. Kxf1 {[%emt 0:01:32]} Nbxc5 {[%emt 0:01:46]} 26. Nbxc5 {[%emt 0:00:05]} Nxc5 {[%emt 0:00:24] normal} 27. Nxc5 {[%emt 0:00:08]} dxc5 {[%emt 0:00:04]} 28. Ba3 {[%emt 0:00:18] normal} Bh6 {[%emt 0:01:44]} 29. Rxc5 {[%emt 0:01:20] normal} Bf8 {[%emt 0:01:07]} 30. Rc3 {[%emt 0:01:03] normal} Qa4 {[%emt 0:01:26]} 31. Bxf8 {[%emt 0:01:01]} Qa1+ {[%emt 0:00:25] normal} 0-1

[Event "DVM U16 2019"]
[Site "Magedburg"]
[Date "2019.12.28"]
[Round "3"]
[White "Bosselmann, Tom Linus"]
[Black "Nguyen, Alex Dac-Vuong"]
[Result "0-1"]
[WhiteElo "2077"]
[BlackElo "2409"]
[Annotator "TA"]
[PlyCount "68"]
[EventDate "2019.12.27"]
[EventType "team-tourn"]
[EventRounds "7"]
[EventCountry "GER"]
[SourceTitle "playchess.com"]
[Source "ChessBase"]
[SourceQuality "1"]
[WhiteTeam "Lübecker SV"]
[BlackTeam "SG Leipzig"]
[WhiteTeamCountry "GER"]
[BlackTeamCountry "GER"]

{[%evp 15,68,0,27,12,19,9,12,8,26,22,23,-8,20,18,13,27,39,0,0,0,0,0,0,0,0,-7,-12,-45,-9,-191,-52,-59,0,-48,-45,-38,-14,-128,-130,-133,-114,-125,-137,-121,-129,-143,-128,-677,-668,-29989,-29990,-29990,-29991,-29996,-29995]} 1. e4 c5 2. Nf3 e6 3. d4 cxd4 4. Nxd4 a6 5. Nc3 Qc7 6. g3 Bb4 7. Bd2 Nf6 8. Bg2 Nc6 9. Nb3 {B43: Sicilian: Kan Variation: 5 Nc3} Be7 10. O-O O-O 11. f4 {The position is equal.} d6 12. a4 (12. Be3 b5 13. a3 Bb7 14. g4 Rfe8 15. g5 Nd7 16. Qh5 g6 17. Qh4 b4 18. Ne2 bxa3 19. bxa3 Na5 20. Nxa5 Qxa5 21. Rf3 Rac8 {0-1 (55) Guseinov,G (2634)-Gajewski,G (2654) Berlin 2015}) 12... Rb8 13. g4 b5 (13... d5 $5) 14. axb5 axb5 15. g5 Nd7 16. Qe2 $146 ({Predecessor:} 16. Qh5 g6 17. Qh4 b4 18. Nd1 f6 19. Bh3 Nc5 20. Nxc5 dxc5 21. gxf6 Bxf6 {½-½ (21) Kassebaum,R (2355)-Stickler,A (2245) Germany 1993}) 16... b4 17. Nd5 exd5 18. exd5 {[#]} Nce5 $1 {[%mdl 512]} 19. fxe5 Nxe5 20. Nd4 $132 {[%mdl 2048] White is not holding back} Qc5 21. c3 Bd7 {White must now prevent ...Bb5.} 22. Be4 $2 (22. Be3 $11 Ng4 23. Bf2 Nxf2 24. Qxe7 bxc3 25. Rxf2 Qxd4 26. Qxd7 cxb2 27. Rb1) 22... f5 (22... Bb5 $19 23. Qe3 (23. Qh5 $2 g6 $19) 23... Bxf1 24. Rxf1 Nc4) 23. gxf6 $1 $15 Rxf6 ({Better is} 23... Bxf6 $15 24. Kh1 Qc4) 24. Rxf6 Bxf6 25. Kh1 Ng4 {[#] Threatens to win with ...bxc3.} 26. h3 (26. Ne6 $11 Bxe6 27. dxe6 bxc3 28. Bxc3 Nf2+ 29. Kg2 Nxe4 30. Qxe4) 26... bxc3 $17 27. bxc3 Bxd4 28. hxg4 Be5 ({Resist} 28... Bxc3 29. Rc1 $15) 29. g5 g6 ({Of course not} 29... Bxc3 $6 30. Rc1 $11) 30. Bg2 Re8 ({But not} 30... Bxc3 $2 31. Rc1 $18) 31. Qd3 $2 {[%mdl 8192]} (31. Qe3 $17) 31... Qf2 $19 {( -> ...Qh4+)} 32. Ra6 Qh4+ {Black mates.} 33. Kg1 Rf8 {[%csl Ge5][%cal Rh4h2]} 34. Bf3 Qg3+ {Accuracy: White = 36%, Black = 57%.} 0-1